[Event "Wch Seniors 65 29th"]
[Site "Bucharest"]
[Date "2019.11.12"]
[Round "1"]
[White "Cornea, Alexandru"]
[Black "Nevednichy, Boris M"]
[Result "0-1"]
[WhiteElo "1675"]
[BlackElo "2073"]
[PlyCount "42"]
[EventDate "2019.11.12"]
[EventType "swiss"]
[EventRounds "11"]
[EventCountry "ROU"]
[SourceTitle "CBM 193 Extra"]
[Source "ChessBase"]
[SourceDate "2020.01.31"]
[SourceVersion "1"]
[SourceVersionDate "2020.01.31"]
[SourceQuality "1"]

1. c4 e5 2. g3 Nf6 3. Nc3 Bb4 4. Bg2 0-0 5. Qb3 Bxc3 6. Qxc3 Re8 7. d3 c6 8. Bg5 d6 9. e3 Nbd7 10. Ne2 h6 11. Bxf6 Nxf6 12. 0-0 Bg4 13. f3 Be6 14. Rad1 Qb6 15. d4 Qa6 16. b3 Qxa2 17. Rd2 Qa6 18. b4 Qb6 19. Kh1 Qc7 20. h3 c5 21. d5 Bd7 0-1

[Event "WchT Seniors 65"]
[Site "Dresden"]
[Date "2018.07.11"]
[Round "5.7"]
[White "Renman, Nils Gustaf"]
[Black "Nevednichy, Boris M"]
[Result "1-0"]
[WhiteElo "2343"]
[BlackElo "2115"]
[PlyCount "115"]
[EventDate "2018.07.07"]
[EventType "team-swiss"]
[EventRounds "9"]
[EventCountry "GER"]
[SourceTitle "CBM 185 Extra"]
[Source "ChessBase"]
[SourceDate "2018.07.29"]
[SourceVersion "1"]
[SourceVersionDate "2018.07.29"]
[SourceQuality "1"]
[WhiteTeam "Sweden"]
[BlackTeam "Moldova"]
[WhiteTeamCountry "SWE"]
[BlackTeamCountry "MDA"]

1. d4 Nf6 2. c4 e6 3. Nf3 Bb4+ 4. Bd2 Be7 5. Nc3 d5 6. Qc2 0-0 7. e4 dxe4 8. Nxe4 Nc6 9. Bc3 Nb4 10. Nxf6+ gxf6 11. Qd2 a5 12. a3 c5 13. axb4 cxb4 14. Bd3 bxc3 15. bxc3 f5 16. Qh6 Bf6 17. g4 Bg7 18. Qh5 Qe8 19. gxf5 exf5+ 20. Kd2 Ra6 21. Rhg1 Kh8 22. Bxf5 Bxf5 23. Qxf5 Rf6 24. Qd3 Qb8 25. Rg4 Qc8 26. Rh4 Qf5 27. Qxf5 Rxf5 28. Rh3 b6 29. Kd3 Ra8 30. Ra2 Re8 31. Re2 Rxe2 32. Kxe2 a4 33. Rg3 Bf8 34. Rg1 a3 35. Ne5 Bd6 36. Nd7 a2 37. Ra1 Ra5 38. h3 Bc7 39. Kd3 Ra8 40. c5 bxc5 41. Nxc5 Bd6 42. Nb3 Bf4 43. c4 Bg5 44. Kc3 Bh4 45. f3 Re8 46. Rxa2 Re3+ 47. Kb4 Be1+ 48. Ka4 Rxf3 49. Rc2 f5 50. c5 Bg3 51. d5 Rd3 52. Rd2 Re3 53. d6 Re8 54. Nd4 Be1 55. Re2 Ra8+ 56. Kb5 Ra5+ 57. Kb6 Ra1 58. Rxe1 1-0

[Event "WchT Seniors 65"]
[Site "Dresden"]
[Date "2018.07.07"]
[Round "1.4"]
[White "Rotstein, Jefim"]
[Black "Nevednichy, Boris M"]
[Result "1/2-1/2"]
[WhiteElo "2318"]
[BlackElo "2115"]
[PlyCount "118"]
[EventDate "2018.07.07"]
[EventType "team-swiss"]
[EventRounds "9"]
[EventCountry "GER"]
[SourceTitle "CBM 185 Extra"]
[Source "ChessBase"]
[SourceDate "2018.07.29"]
[SourceVersion "1"]
[SourceVersionDate "2018.07.29"]
[SourceQuality "1"]
[WhiteTeam "Germany II"]
[BlackTeam "Moldova"]
[WhiteTeamCountry "GER"]
[BlackTeamCountry "MDA"]

1. Nf3 Nf6 2. d4 e6 3. e3 b6 4. Bd3 Bb7 5. 0-0 d6 6. b3 g6 7. Bb2 Bg7 8. Nbd2 0-0 9. c4 Nbd7 10. e4 c5 11. d5 Re8 12. Qc2 Nh5 13. dxe6 fxe6 14. Bxg7 Nxg7 15. Rad1 e5 16. Nb1 Ne6 17. Nc3 Nd4 18. Nxd4 exd4 19. Nd5 Bxd5 20. exd5 Ne5 21. Be2 Qh4 22. h3 Rf8 23. Qd2 Qf4 24. Qxf4 Rxf4 25. g3 Re4 26. Rd2 Re8 27. Kg2 Kg7 28. Bd1 Nd7 29. Bg4 R8e7 30. Rb1 h5 31. Bxd7 Rxd7 32. a3 Rde7 33. b4 Re1 34. Rxe1 Rxe1 35. bxc5 bxc5 36. Kf3 Ra1 37. Rb2 Rxa3+ 38. Ke4 h4 39. gxh4 Rxh3 40. Rb7+ Kf6 41. Rxa7 Rxh4+ 42. Kd3 Rh3+ 43. Ke4 Rh2 44. Rd7 Rxf2 45. Rxd6+ Kg5 46. Rc6 Rf4+ 47. Kd3 Rf3+ 48. Ke2 Rc3 49. Rxc5 Kf6 50. d6 Ke6 51. Rd5 Re3+ 52. Kd2 Kd7 53. Rxd4 Re8 54. Kc3 Kc6 55. d7 Rd8 56. Rg4 Rxd7 57. Rxg6+ Kc5 58. Rg8 Rd1 59. Rc8+ Kb6 1/2-1/2

[Event "Cap Aurora op 22nd"]
[Site "Cap Aurora"]
[Date "2018.06.30"]
[Round "9"]
[White "Nastase, Robert Paul"]
[Black "Nevednichy, Boris M"]
[Result "1/2-1/2"]
[WhiteElo "2331"]
[BlackElo "2130"]
[PlyCount "99"]
[EventDate "2018.06.23"]
[EventType "swiss"]
[EventRounds "9"]
[EventCountry "ROU"]
[SourceTitle "CBM 185 Extra"]
[Source "ChessBase"]
[SourceDate "2018.07.29"]
[SourceVersion "1"]
[SourceVersionDate "2018.07.29"]
[SourceQuality "1"]

1. e4 Nf6 2. e5 Nd5 3. d4 d6 4. Nf3 g6 5. Bc4 c6 6. Bb3 Bg7 7. c4 Nc7 8. Bf4 Bg4 9. exd6 Ne6 10. Be5 Bxf3 11. gxf3 Bxe5 12. dxe5 Qa5+ 13. Kf1 Qxe5 14. dxe7 Kxe7 15. Qd2 Na6 16. Nc3 Rad8 17. Qe3 Qxe3 18. fxe3 Rd2 19. Rb1 Ng5 20. Bd1 Nb4 21. h4 Ne6 22. Ne4 Rd7 23. a3 Nd3 24. b4 f5 25. Nc3 Ne5 26. Be2 f4 27. Ne4 fxe3 28. Rb3 Nd4 29. Rxe3 Nf5 30. Rc3 Rd4 31. h5 g5 32. Kf2 g4 33. Re1 Kf7 34. Bd1 gxf3 35. Ng5+ Kf6 36. Rxe5 Rxd1 37. Nxf3 Rhd8 38. Re4 Rh1 39. Rc2 Rxh5 40. Rce2 Rf8 41. Rg4 Ng7 42. Rd4 Nf5 43. Rg4 Ng7 44. Rd4 Nf5 45. Rf4 Rf7 46. Re8 Re7 47. Rf8+ Rf7 48. Re8 Re7 49. Rf8+ Rf7 50. Re8 1/2-1/2

[Event "WchT Seniors 65"]
[Site "Radebeul"]
[Date "2016.06.28"]
[Round "3.2"]
[White "Nevednichy, Boris M"]
[Black "Reuben, Stewart"]
[Result "1-0"]
[WhiteElo "2122"]
[BlackElo "2033"]
[PlyCount "69"]
[EventDate "2016.06.26"]
[EventType "team-swiss"]
[EventRounds "9"]
[EventCountry "GER"]
[SourceTitle "CBM 173 Extra"]
[Source "ChessBase"]
[SourceDate "2016.08.29"]
[SourceVersion "1"]
[SourceVersionDate "2016.08.29"]
[SourceQuality "1"]
[WhiteTeam "Moldova"]
[BlackTeam "England II"]
[WhiteTeamCountry "MDA"]
[BlackTeamCountry "ENG"]

1. e4 c5 2. Nc3 g6 3. Nf3 Bg7 4. d4 cxd4 5. Nxd4 Nc6 6. Be3 Nf6 7. Be2 0-0 8. 0-0 d5 9. exd5 Nb4 10. Bf3 Nbxd5 11. Nxd5 Nxd5 12. Bg5 h6 13. Bh4 Nf4 14. c3 g5 15. Bg3 e5 16. Nb3 Qc7 17. Bxf4 exf4 18. Qd5 Rd8 19. Qc5 Qxc5 20. Nxc5 g4 21. Be4 f5 22. Bc2 b6 23. Nd3 Ba6 24. Rfd1 Bxd3 25. Bxd3 Rf8 26. a4 Kh7 27. Bc2 Kg6 28. Rd7 Rad8 29. Rad1 Bf6 30. R1d5 Rxd7 31. Bxf5+ Kf7 32. Rxd7+ Ke8 33. Rxa7 f3 34. Bxg4 fxg2 35. Rb7 1-0

[Event "EU-chT Seniors"]
[Site "Vienna"]
[Date "2015.07.19"]
[Round "8.1"]
[White "Nevednichy, Boris M"]
[Black "Danner, Georg"]
[Result "1-0"]
[WhiteElo "2153"]
[BlackElo "2389"]
[PlyCount "78"]
[EventDate "2015.07.12"]
[EventType "team-swiss"]
[EventRounds "9"]
[EventCountry "AUT"]
[SourceTitle "CBM 167 Extra"]
[Source "ChessBase"]
[SourceDate "2015.09.14"]
[SourceVersion "1"]
[SourceVersionDate "2015.09.14"]
[SourceQuality "1"]
[WhiteTeam "Moldova"]
[BlackTeam "Austria"]
[WhiteTeamCountry "MDA"]
[BlackTeamCountry "AUT"]

1. e4 c5 2. Nc3 Nc6 3. Bb5 Nd4 4. Bc4 e6 5. Nge2 a6 6. a4 Nf6 7. 0-0 d5 8. exd5 exd5 9. Ba2 Be7 10. d3 Nxe2+ 11. Qxe2 0-0 12. Bg5 h6 13. Bxf6 Bxf6 14. Nxd5 Bxb2 15. Rab1 Bf6 16. Qf3 Rb8 17. Nxf6+ Qxf6 18. Qxf6 gxf6 19. Rb6 Bd7 20. Bd5 Bxa4 21. c4 Bc2 22. f4 Rfd8 23. Rf3 Rd7 24. Rxf6 b5 25. Rg3+ Kf8 26. Rxh6 Rbd8 27. f5 Rxd5 28. f6 Ke8 29. Rh8+ Kd7 30. Rxd8+ Kxd8 31. cxd5 b4 32. Rg8+ Kc7 33. Rf8 Bxd3 34. Rxf7+ Kd6 35. Rb7 Bg6 36. Kf2 Kxd5 37. f7 Bxf7 38. Rxf7 b3 39. Ke3 a5 1-0

[Event "EU-chT Seniors"]
[Site "Vienna"]
[Date "2015.07.18"]
[Round "7.5"]
[White "Klundt, Klaus"]
[Black "Nevednichy, Boris M"]
[Result "1/2-1/2"]
[WhiteElo "2309"]
[BlackElo "2153"]
[PlyCount "70"]
[EventDate "2015.07.12"]
[EventType "team-swiss"]
[EventRounds "9"]
[EventCountry "AUT"]
[SourceTitle "EXT 2018"]
[Source "ChessBase"]
[SourceDate "2017.10.13"]
[SourceVersion "1"]
[SourceVersionDate "2017.10.13"]
[SourceQuality "1"]
[WhiteTeam "Hessen"]
[BlackTeam "Moldova"]
[WhiteTeamCountry "GER"]
[BlackTeamCountry "MDA"]

1. e4 e6 2. d4 d5 3. Nd2 c5 4. Ngf3 Nf6 5. exd5 Nxd5 6. dxc5 Bxc5 7. Ne4 Be7 8. Bc4 Nc6 9. 0-0 0-0 10. Qe2 Nb6 11. Bb3 Qc7 12. c3 Bd7 13. Be3 Na5 14. Bc2 Nac4 15. Bc1 Nd5 16. Bb3 b5 17. Rd1 Rad8 18. Rd4 Ncb6 19. Rd1 Nf4 20. Bxf4 Qxf4 21. Ng3 Bf6 22. Nh5 Qf5 23. Nxf6+ gxf6 24. Nd4 Qe5 25. Qf3 Kh8 26. Rd3 f5 27. Re3 Qf6 28. Rae1 Nc8 29. Qf4 Ne7 30. Qc7 Ng6 31. f4 Rg8 32. g3 a6 33. Bd1 b4 34. Kh1 bxc3 35. bxc3 Bb5 1/2-1/2

[Event "WchT Seniors 50"]
[Site "Vilnius"]
[Date "2014.07.18"]
[Round "6.1"]
[White "Nevednichy, Boris M"]
[Black "Kveinys, Aloyzas"]
[Result "1/2-1/2"]
[WhiteElo "2192"]
[BlackElo "2527"]
[PlyCount "78"]
[EventDate "2014.07.13"]
[EventType "team-swiss"]
[EventRounds "9"]
[EventCountry "LTU"]
[SourceTitle "CBM 161 Extra"]
[Source "ChessBase"]
[SourceDate "2014.08.29"]
[SourceVersion "1"]
[SourceVersionDate "2014.08.29"]
[SourceQuality "1"]
[WhiteTeam "Moldova"]
[BlackTeam "Lithuania"]
[WhiteTeamCountry "MDA"]
[BlackTeamCountry "LTU"]

1. e4 c5 2. Nf3 e6 3. c3 Nf6 4. e5 Nd5 5. d4 cxd4 6. cxd4 d6 7. Nc3 Nxc3 8. bxc3 Qc7 9. exd6 Bxd6 10. Bb2 Nd7 11. Bd3 b6 12. 0-0 Bb7 13. Re1 0-0 14. c4 Rfe8 15. a4 Rad8 16. a5 Bxf3 17. Qxf3 Bxh2+ 18. Kh1 Bd6 19. axb6 axb6 20. g3 Nf8 21. Rec1 Rb8 22. Ra6 Red8 23. Be4 Qe7 24. Kg2 Rdc8 25. Qb3 h6 26. Qb5 Nh7 27. Kg1 f5 28. Bc6 f4 29. gxf4 Rf8 30. Re1 Rxf4 31. Rxe6 Qh4 32. Re2 Rg4+ 33. Kf1 Nf6 34. Ke1 Qh3 35. Kd2 Bf4+ 36. Kc2 Qf1 37. Bf3 Rg5 38. c5 Qh3 39. Qb3+ Kh8 1/2-1/2

[Event "WchT Seniors 50"]
[Site "Vilnius"]
[Date "2014.07.17"]
[Round "5.7"]
[White "Nevednichy, Boris M"]
[Black "Mortensen, John"]
[Result "1-0"]
[WhiteElo "2192"]
[BlackElo "2091"]
[PlyCount "119"]
[EventDate "2014.07.13"]
[EventType "team-swiss"]
[EventRounds "9"]
[EventCountry "LTU"]
[SourceTitle "CBM 161 Extra"]
[Source "ChessBase"]
[SourceDate "2014.08.29"]
[SourceVersion "1"]
[SourceVersionDate "2014.08.29"]
[SourceQuality "1"]
[WhiteTeam "Moldova"]
[BlackTeam "Denmark"]
[WhiteTeamCountry "MDA"]
[BlackTeamCountry "DEN"]

1. e4 c5 2. Nf3 Nc6 3. Bb5 g6 4. Bxc6 bxc6 5. 0-0 Bg7 6. Re1 Nf6 7. c3 0-0 8. d4 cxd4 9. cxd4 d5 10. e5 Ne8 11. h3 Nc7 12. Nc3 Ne6 13. Na4 Ba6 14. Qc2 Bb5 15. Nc5 Nxc5 16. Qxc5 Qd7 17. Bg5 e6 18. b3 Rfe8 19. Qc1 a5 20. a4 Ba6 21. Nh2 Rec8 22. Ng4 Qe8 23. Bf6 Bf8 24. Bg5 Bg7 25. Bh6 Qf8 26. Bxg7 Kxg7 27. Nf6 Ra7 28. Qc3 c5 29. Qxa5 cxd4 30. Qd2 Rb7 31. Qxd4 Rxb3 32. Rec1 Rxc1+ 33. Rxc1 Rb4 34. Qd2 Bc4 35. Ra1 Qb8 36. Ng4 Rb1+ 37. Rxb1 Qxb1+ 38. Kh2 Kf8 39. Qh6+ Ke7 40. Qg5+ Kd7 41. Nh6 Qb4 42. Nxf7 Qf8 43. Qf6 d4 44. Ng5 Qxf6 45. exf6 Bd5 46. Kg1 d3 47. Kf1 Bxg2+ 48. Ke1 h6 49. Nf7 Bxh3 50. Ne5+ Ke8 51. a5 d2+ 52. Kxd2 Bf1 53. Ke3 Ba6 54. Kd4 h5 55. Kc5 h4 56. Kd6 h3 57. f7+ Kf8 58. Kxe6 Bc4+ 59. Nxc4 h2 60. Ne5 1-0

[Event "WchT Seniors 50"]
[Site "Vilnius"]
[Date "2014.07.14"]
[Round "2.6"]
[White "Stuart, Peter W"]
[Black "Nevednichy, Boris M"]
[Result "0-1"]
[WhiteElo "2032"]
[BlackElo "2192"]
[PlyCount "142"]
[EventDate "2014.07.13"]
[EventType "team-swiss"]
[EventRounds "9"]
[EventCountry "LTU"]
[SourceTitle "CBM 161 Extra"]
[Source "ChessBase"]
[SourceDate "2014.08.29"]
[SourceVersion "1"]
[SourceVersionDate "2014.08.29"]
[SourceQuality "1"]
[WhiteTeam "New Zealand"]
[BlackTeam "Moldova"]
[WhiteTeamCountry "NZL"]
[BlackTeamCountry "MDA"]

1. c4 e5 2. g3 Nf6 3. Bg2 Nc6 4. Nc3 Bb4 5. e4 Bxc3 6. bxc3 0-0 7. d3 d6 8. Ne2 a6 9. 0-0 b5 10. cxb5 axb5 11. Bd2 Bd7 12. a4 bxa4 13. Rxa4 Rxa4 14. Qxa4 Nd4 15. Qd1 Ne6 16. Qc2 Qa8 17. Rb1 h6 18. h3 Bc6 19. c4 Nc5 20. Nc3 Rb8 21. Rxb8+ Qxb8 22. Be3 Qb4 23. Bf1 Nfd7 24. Bd2 Qb3 25. Qxb3 Nxb3 26. Be3 Ndc5 27. Nd5 Bxd5 28. cxd5 Kf8 29. Be2 Ke7 30. Kf1 Nd4 31. Ke1 g5 32. Kd2 Ncb3+ 33. Kc3 Nxe2+ 34. Kxb3 Ng1 35. h4 gxh4 36. gxh4 h5 37. f4 Nf3 38. f5 Kd7 39. Bf2 c6 40. dxc6+ Kxc6 41. Kc4 f6 42. Bg3 Nd4 43. Bf2 Nf3 44. Bg3 Nd2+ 45. Kc3 Nf1 46. Bf2 d5 47. d4 dxe4 48. dxe5 fxe5 49. Ba7 Kd5 50. Bb8 e3 51. Kd3 e2 52. Kxe2 Ng3+ 53. Kf3 Nxf5 54. Ba7 Nxh4+ 55. Kg3 Nf5+ 56. Kf3 Ne7 57. Be3 Ke6 58. Ke4 Nd5 59. Bf2 Nf6+ 60. Kf3 Kf5 61. Bh4 Nd5 62. Be1 Nf4 63. Bg3 Nd5 64. Be1 Ne7 65. Bb4 e4+ 66. Kg3 Ng6 67. Bc3 Ke6 68. Kf2 Kd5 69. Ke3 h4 70. Be1 h3 71. Bg3 Ne5 0-1

[Event "Cap Aurora op"]
[Site "Cap Aurora"]
[Date "2014.06.26"]
[Round "6"]
[White "Nevednichy, Boris M"]
[Black "Cioara, Andrei Nestor"]
[Result "1/2-1/2"]
[WhiteElo "2197"]
[BlackElo "2438"]
[PlyCount "74"]
[EventDate "2014.06.21"]
[EventType "swiss"]
[EventRounds "9"]
[EventCountry "ROU"]
[SourceTitle "CBM 161 Extra"]
[Source "ChessBase"]
[SourceDate "2014.08.29"]
[SourceVersion "1"]
[SourceVersionDate "2014.08.29"]
[SourceQuality "1"]

1. e4 c6 2. d4 d5 3. exd5 cxd5 4. Bd3 Nc6 5. c3 Nf6 6. h3 e5 7. dxe5 Nxe5 8. Nf3 Bd6 9. Nxe5 Bxe5 10. Bb5+ Bd7 11. Bxd7+ Qxd7 12. 0-0 0-0 13. Nd2 Bc7 14. Nf3 Bb6 15. Bf4 Rfe8 16. Qd3 Ne4 17. Nd4 Rad8 18. a4 a6 19. a5 Ba7 20. Rad1 Qe7 21. Qf3 Qc5 22. Ra1 Qe7 23. Rad1 Nc5 24. Qg4 Qe4 25. Bd2 Nd3 26. Be3 Qxg4 27. hxg4 Ne5 28. Nf5 Bxe3 29. Nxe3 Nc4 30. Rxd5 Nxe3 31. Rxd8 Rxd8 32. fxe3 Rd3 33. Rf4 Rxe3 34. Rc4 Kf8 35. Rc7 Re7 36. Rc8+ Re8 37. Rc7 Re7 1/2-1/2

[Event "Cap Aurora op"]
[Site "Cap Aurora"]
[Date "2014.06.24"]
[Round "4"]
[White "Carmaciu, Lucian Catalin"]
[Black "Nevednichy, Boris M"]
[Result "1-0"]
[WhiteElo "2429"]
[BlackElo "2197"]
[PlyCount "87"]
[EventDate "2014.06.21"]
[EventType "swiss"]
[EventRounds "9"]
[EventCountry "ROU"]
[SourceTitle "CBM 161 Extra"]
[Source "ChessBase"]
[SourceDate "2014.08.29"]
[SourceVersion "1"]
[SourceVersionDate "2014.08.29"]
[SourceQuality "1"]

1. e4 Nf6 2. e5 Nd5 3. d4 d6 4. Nf3 g6 5. Bc4 c6 6. 0-0 Bg7 7. exd6 Qxd6 8. Nbd2 0-0 9. c3 Nb6 10. Bb3 N8d7 11. Ne4 Qc7 12. Bg5 Nf6 13. Nxf6+ exf6 14. Bh4 a5 15. Bg3 Qd8 16. a4 Nd5 17. Re1 Bf5 18. Nd2 Be6 19. Ne4 b6 20. Nd6 f5 21. Bxd5 cxd5 22. Nb5 Rc8 23. Be5 Qd7 24. Qd2 Bxe5 25. dxe5 Kg7 26. Qd4 Qd8 27. Nd6 Rb8 28. f4 h5 29. b4 Qc7 30. h3 Ra8 31. Kh1 Qc6 32. Rec1 Rfd8 33. Kh2 Rd7 34. b5 Qc7 35. Ra2 Rb8 36. Rac2 Qd8 37. c4 dxc4 38. Rxc4 Bxc4 39. e6+ Kf8 40. exd7 Be6 41. Qh8+ Ke7 42. Nc8+ Rxc8 43. dxc8Q Bxc8 44. Rxc8 1-0

[Event "Chebanenco Memorial"]
[Site "Kishinev"]
[Date "2014.02.27"]
[Round "6"]
[White "Nevednichy, Boris M"]
[Black "Danilenko, Dmitriy"]
[Result "0-1"]
[WhiteElo "2202"]
[BlackElo "2398"]
[PlyCount "144"]
[EventDate "2014.02.24"]
[EventType "tourn"]
[EventRounds "9"]
[EventCountry "MDA"]
[SourceTitle "CBM 159 Extra"]
[Source "ChessBase"]
[SourceDate "2014.04.24"]
[SourceVersion "1"]
[SourceVersionDate "2014.04.24"]
[SourceQuality "1"]

1. e4 Nf6 2. e5 Nd5 3. d4 d6 4. c4 Nb6 5. exd6 exd6 6. Nc3 Be7 7. Bd3 Nc6 8. Nge2 Bg4 9. h3 Bh5 10. Be3 0-0 11. b3 Bf6 12. g4 Bg6 13. Bxg6 hxg6 14. Qd2 a5 15. g5 Be7 16. h4 a4 17. Rb1 axb3 18. axb3 Qd7 19. Nf4 Rfe8 20. Kf1 Nb4 21. Nd3 Nxd3 22. Qxd3 Bf8 23. Ne2 d5 24. c5 Nc8 25. Ng3 Ne7 26. Kg2 Nf5 27. Nxf5 gxf5 28. Ra1 Rxa1 29. Rxa1 Re4 30. f3 Rxh4 31. Bf2 Rh5 32. f4 f6 33. gxf6 gxf6 34. Rg1 Kf7 35. b4 Rh8 36. Re1 Rg8+ 37. Kf3 Bh6 38. Rh1 Bg7 39. b5 Rh8 40. Rxh8 Bxh8 41. Qe2 Qc8 42. Bg3 Bg7 43. Kf2 Kg6 44. Kg2 Bf8 45. Bh4 Qd7 46. Bf2 Be7 47. Be1 Bd8 48. Bb4 Kg7 49. Be1 c6 50. b6 Qf7 51. Kh3 Kf8 52. Bg3 Be7 53. Kh4 Qg8 54. Kh3 Kf7 55. Qh5+ Ke6 56. Qe2+ Kd7 57. Kg2 Qh8 58. Qa2 Qe8 59. Qa7 Qc8 60. Bh4 Ke6 61. Qa2 Bf8 62. Qe2+ Kf7 63. Qh5+ Kg7 64. Qe2 Kg6 65. Kf2 Qa8 66. Kg2 Bh6 67. Bg3 Qb8 68. Qe6 Bxf4 69. Bxf4 Qxf4 70. Qg8+ Kh5 71. Qf7+ Kg4 72. Qxb7 Qg3+ 0-1

[Event "Chebanenco Memorial"]
[Site "Kishinev"]
[Date "2014.02.24"]
[Round "1"]
[White "Nevednichy, Boris M"]
[Black "Kalinina, Marianna"]
[Result "0-1"]
[WhiteElo "2202"]
[BlackElo "2088"]
[PlyCount "120"]
[EventDate "2014.02.24"]
[EventType "tourn"]
[EventRounds "9"]
[EventCountry "MDA"]
[SourceTitle "CBM 159 Extra"]
[Source "ChessBase"]
[SourceDate "2014.04.24"]
[SourceVersion "1"]
[SourceVersionDate "2014.04.24"]
[SourceQuality "1"]

1. e4 c5 2. Nf3 e6 3. d4 cxd4 4. Nxd4 a6 5. Bd3 Bc5 6. Nb3 Be7 7. Nc3 Qc7 8. 0-0 Nf6 9. Qe2 d6 10. f4 Nbd7 11. Kh1 b5 12. Nd4 Bb7 13. Bd2 Rc8 14. Rae1 0-0 15. e5 Ne8 16. a3 g6 17. exd6 Bxd6 18. Ne4 Bxe4 19. Bxe4 Ndf6 20. Bd3 Ng7 21. a4 Qb6 22. Nf3 Nd5 23. Ne5 Rfd8 24. axb5 axb5 25. c3 Rb8 26. Ng4 Nf5 27. Be4 Be7 28. Ne5 Bh4 29. Ra1 Bf6 30. Rf3 Qc7 31. g4 Nfe7 32. Bd3 Nc6 33. Re1 b4 34. Nxc6 Qxc6 35. c4 Nb6 36. Qe4 Qxe4 37. Rxe4 Na4 38. Bc1 Bxb2 39. Bxb2 Nxb2 40. Be2 Na4 41. Ree3 Nc5 42. Re5 b3 43. Rf1 Na4 44. Bf3 b2 45. Be4 Rd4 46. Bb1 Nc3 47. c5 Nxb1 48. Rxb1 Rxf4 49. Re2 Rxg4 50. Rexb2 Rxb2 51. Rxb2 Rc4 52. Rb8+ Kg7 53. Rc8 Rc2 54. h3 h5 55. c6 Kf6 56. Kg1 g5 57. Kf1 g4 58. hxg4 hxg4 59. Kg1 Ke5 60. c7 Kf4 0-1

[Event "MDA-ch"]
[Site "Kishinev"]
[Date "2014.02.20"]
[Round "11"]
[White "Nevednichy, Boris M"]
[Black "Iovcov, Valerii"]
[Result "1/2-1/2"]
[WhiteElo "2202"]
[BlackElo "2200"]
[PlyCount "46"]
[EventDate "2014.02.10"]
[EventType "tourn"]
[EventRounds "11"]
[EventCountry "MDA"]
[SourceTitle "CBM 158 Extra"]
[Source "ChessBase"]
[SourceDate "2014.02.28"]
[SourceVersion "1"]
[SourceVersionDate "2014.02.28"]
[SourceQuality "1"]

1. e4 c6 2. d4 d5 3. exd5 cxd5 4. Bd3 Nc6 5. c3 Qc7 6. h3 e5 7. dxe5 Nxe5 8. Nf3 Nxd3+ 9. Qxd3 Nf6 10. 0-0 Be7 11. Re1 0-0 12. Bg5 Be6 13. Nbd2 Rfe8 14. Nd4 Qb6 15. N2b3 Rad8 16. a4 a6 17. Bf4 Bd6 18. a5 Qc7 19. Bg5 Bh2+ 20. Kf1 Be5 21. Kg1 Bh2+ 22. Kf1 Be5 23. Kg1 Bh2+ 1/2-1/2

[Event "MDA-ch"]
[Site "Kishinev"]
[Date "2014.02.14"]
[Round "5"]
[White "Soltanici, Ruslan"]
[Black "Nevednichy, Boris M"]
[Result "0-1"]
[WhiteElo "2361"]
[BlackElo "2202"]
[PlyCount "106"]
[EventDate "2014.02.10"]
[EventType "tourn"]
[EventRounds "11"]
[EventCountry "MDA"]
[SourceTitle "CBM 158 Extra"]
[Source "ChessBase"]
[SourceDate "2014.02.28"]
[SourceVersion "1"]
[SourceVersionDate "2014.02.28"]
[SourceQuality "1"]

1. e4 Nf6 2. e5 Nd5 3. d4 d6 4. Nf3 g6 5. Bc4 Nb6 6. Bb3 Bg7 7. Ng5 e6 8. Qf3 Qe7 9. Ne4 dxe5 10. Bg5 Qb4+ 11. c3 Qa5 12. Bf6 0-0 13. Bxg7 Kxg7 14. Qf6+ Kg8 15. Qxe5 Qxe5 16. dxe5 N6d7 17. f4 b6 18. Nbd2 Bb7 19. 0-0-0 Na6 20. h4 Nac5 21. Bc2 f5 22. Nxc5 Nxc5 23. b4 Nd7 24. Bb3 Rfe8 25. Nf3 Nf8 26. h5 Bxf3 27. gxf3 Red8 28. h6 Kf7 29. Ba4 Ke7 30. Bc6 Rab8 31. Kc2 Rxd1 32. Rxd1 Rd8 33. Rd4 g5 34. fxg5 Ng6 35. f4 Rxd4 36. cxd4 Nxf4 37. Kd2 Kf7 38. Ke3 Nh3 39. g6+ hxg6 40. h7 f4+ 41. Kd2 Kg7 42. d5 Ng5 43. dxe6 Nxe6 44. Bd5 Nf8 45. e6 Nxh7 46. e7 Nf6 47. Ke2 g5 48. Kf3 g4+ 49. Kg2 Ne8 50. Be6 Kf6 51. Bxg4 Kxe7 52. Kf3 Nf6 53. Bc8 Kd6 0-1

[Event "Veliko Tarnovo op"]
[Site "Veliko Tarnovo"]
[Date "2013.05.06"]
[Round "9"]
[White "Nevednichy, Boris M"]
[Black "Dimitrov, Radoslav"]
[Result "0-1"]
[WhiteElo "2213"]
[BlackElo "2427"]
[PlyCount "70"]
[EventDate "2013.05.01"]
[EventType "swiss"]
[EventRounds "9"]
[EventCountry "BUL"]
[SourceTitle "CBM 154 Extra"]
[Source "ChessBase"]
[SourceDate "2013.06.25"]
[SourceVersion "2"]
[SourceVersionDate "2013.06.25"]
[SourceQuality "1"]

1. e4 c6 2. d4 d5 3. exd5 cxd5 4. Bd3 Nc6 5. c3 Nf6 6. h3 e5 7. dxe5 Nxe5 8. Qe2 Qe7 9. Bb5+ Bd7 10. Bxd7+ Nfxd7 11. Kf1 Qe6 12. Nd2 Bc5 13. Ngf3 0-0 14. Nb3 Nxf3 15. Nxc5 Nxc5 16. Qxf3 Rae8 17. Be3 Ne4 18. g3 f5 19. Kg2 f4 20. gxf4 Rf6 21. Kh2 Ref8 22. Rhg1 Qd6 23. Rg4 h5 24. Rh4 g6 25. Kh1 Rf5 26. Rg1 Kf7 27. Qd1 Qe7 28. Rg5 Nxg5 29. fxg5 Kg8 30. Qd2 Kh7 31. Rd4 Qe6 32. Kg1 R8f7 33. a4 Rf3 34. Rxd5 Qxh3 35. Rd4 Rg3+ 0-1

[Event "Veliko Tarnovo op"]
[Site "Veliko Tarnovo"]
[Date "2013.05.03"]
[Round "4"]
[White "Kukov, Velislav"]
[Black "Nevednichy, Boris M"]
[Result "1-0"]
[WhiteElo "2387"]
[BlackElo "2213"]
[PlyCount "91"]
[EventDate "2013.05.01"]
[EventType "swiss"]
[EventRounds "9"]
[EventCountry "BUL"]
[SourceTitle "CBM 154 Extra"]
[Source "ChessBase"]
[SourceDate "2013.06.25"]
[SourceVersion "2"]
[SourceVersionDate "2013.06.25"]
[SourceQuality "1"]

1. Nf3 d5 2. c4 c6 3. e3 Nf6 4. Nc3 a6 5. d4 b5 6. b3 Bg4 7. Bd3 Nbd7 8. 0-0 e6 9. Qc2 Bh5 10. e4 dxe4 11. Nxe4 Bg6 12. Nxf6+ gxf6 13. Re1 Bb4 14. Bd2 Bxd2 15. Qxd2 bxc4 16. bxc4 Rb8 17. Rad1 Bxd3 18. Qxd3 Rb2 19. Qa3 Qb6 20. c5 Qb5 21. d5 cxd5 22. c6 Ne5 23. Nxe5 fxe5 24. Rc1 Qb4 25. Qxa6 Qb6 26. Qc8+ Qd8 27. Qa6 Qb6 28. Qxb6 Rxb6 29. Rxe5 Ke7 30. Rh5 Kd6 31. c7 Rc8 32. g3 Rc6 33. Rxc6+ Kxc6 34. Rxh7 Rxc7 35. Rh8 Kd6 36. h4 Ke7 37. h5 d4 38. h6 Rc5 39. g4 Rg5 40. f3 Rg6 41. a4 e5 42. h7 Rh6 43. g5 Rh5 44. g6 d3 45. Kf2 Rh2+ 46. Ke1 1-0